|
|
|
|
| LEADER |
00864nam a2200241 u 4500 |
| 001 |
10002725 |
| 003 |
upatras |
| 005 |
20210117203436.0 |
| 008 |
881025s1994 uk eng |
| 020 |
|
|
|a 1857280385
|
| 040 |
|
|
|a GR-PaULI
|c GR-PaULI
|
| 041 |
0 |
|
|a eng
|
| 082 |
0 |
4 |
|a 552.4
|
| 100 |
1 |
|
|a Miyashiro, Akiho
|4 aut
|9 109268
|
| 245 |
1 |
0 |
|a Metamorphic petrology
|c Akiho Miyashiro
|
| 260 |
|
|
|a England
|b UCL Press
|c 1994
|
| 300 |
|
|
|a xii, 404 σ.
|b σχήμ.
|c 24 εκ.
|
| 650 |
|
4 |
|a Πετρολογία
|9 1393
|
| 852 |
|
|
|a GR-PaULI
|b ΠΑΤΡΑ
|b ΒΚΠ
|b ΒΣ1
|k ΑΣΧΞ
|h 552.4 MIY
|m 12264
|p 025000241003
|t 1
|
| 942 |
|
|
|2 ddc
|c BK15
|
| 952 |
|
|
|0 0
|1 0
|4 0
|6 552_400000000000000_MIY
|7 0
|9 115212
|a LISP
|b LISP
|c BSC
|d 2016-04-24
|i 12264
|l 2
|m 2
|o 552.4 MIY
|p 025000241003
|r 2020-07-21 00:00:00
|s 2020-02-14
|t 1
|w 2016-04-24
|y BK15
|
| 998 |
|
|
|c ΒΑΣΙΛΕΙΟΥ
|d 2014-12
|
| 999 |
|
|
|c 76904
|d 76904
|